书目信息 |
| 题名: |
电子商务应用基础
|
|
| 作者: | 曹淑艳 主编 ;蒋汉生 , 华迎 编著 | |
| 分册: | ||
| 出版信息: | 北京 清华大学出版社 2005.9 |
|
| 页数: | 220页 | |
| 开本: | 26cm | |
| 丛书名: | ||
| 单 册: | ||
| 中图分类: | F713.36-43 | |
| 科图分类: | ||
| 主题词: | 电子商务--dian zi shang wu--高等学校--教材 | |
| 电子资源: | ||
| ISBN: | 7-302-11130-8 | |
| 000 | 01155nam0 2200337 450 | |
| 000 | 01174nam0 2200337 450 | |
| 000 | 01137nam0 2200325 450 | |
| 000 | 01094nam0 2200313 450 | |
| 000 | 01083nam0 2200313 450 | |
| 000 | 01046nam0 2200301 45 | |
| 001 | 012005000000 | |
| 005 | 20051214094751.50 | |
| 010 | @a7-302-11130-8@dCNY19.00 | |
| 100 | @a20051104d2005 em y0chiy0121 ea | |
| 101 | 0 | @achi |
| 102 | @aCN@b110000 | |
| 105 | @af z 000yy | |
| 200 | 1 | @a电子商务应用基础@Adian zi shang wu ying yong ji chu@f曹淑艳主编@g蒋汉生,华迎编著 |
| 210 | @a北京@c清华大学出版社@d2005.9 | |
| 215 | @a220页@c图@d26cm | |
| 300 | @a高等学校文科专业大学计算机规划教材 | |
| 320 | @a有书目(第219页) | |
| 330 | @a本书介绍了电子的基本概念,网络技术基础和数据库基础,电子数据交换及电子商务交易过程、电子商务安全、法律法规等。 | |
| 333 | @a阅读对象:文科类专业的师生等 | |
| 606 | 0 | @a电子商务@Adian zi shang wu@x高等学校@j教材 |
| 690 | @aF713.36-43@v4 | |
| 701 | 0 | @a曹淑艳@Acao shu yan@4主编 |
| 702 | 0 | @a蒋汉生@Ajiang han sheng@4编著 |
| 702 | 0 | @a华迎@Ahua ying@4编著 |
| 801 | 0 | @aCN@bSRXX@c20051214 |
| 905 | @a10447@dF713.36-43@eC140 | |
| 电子商务应用基础/曹淑艳主编/蒋汉生,华迎编著.-北京:清华大学出版社,2005.9 |
| 220页:图;26cm |
| 高等学校文科专业大学计算机规划教材.-使用对象:阅读对象:文科类专业的师生等 |
| ISBN 7-302-11130-8:CNY19.00 |
| 本书介绍了电子的基本概念,网络技术基础和数据库基础,电子数据交换及电子商务交易过程、电子商务安全、法律法规等。 |
| ● |
| 相关链接 |
|
|
|
正题名:电子商务应用基础
索取号:F713.36-43/C140
 
预约/预借
| 序号 | 登录号 | 条形码 | 馆藏地/架位号 | 状态 | 备注 |
| 1 | 547941 | 205479418 | 社科库409/409社科库 42排4列2层/ [索取号:F713.36-43/C140] | 在馆 | |
| 2 | 547942 | 205479427 | 社科二线422/422社科库 16排1列6层/ [索取号:F713.36-43/C140] | 在馆 | |
| 3 | 547943 | 205479436 | 社科库409/409社科库 42排4列2层/ [索取号:F713.36-43/C140] | 在馆 |